MAASAI MARA UNIVERSITY

LIBRARY CATALOGUE

Contact Us: +254 020 2685356/7 or 0774 057787

Box: 861-20500, NAROK, KENYA

Email: info@mmarau.ac.ke

Quality research papers for students of religion and theology / (Record no. 16457)

MARC details
000 -LEADER
fixed length control field 01936cam a2200361 a 4500
001 - CONTROL NUMBER
control field 14735098
003 - CONTROL NUMBER IDENTIFIER
control field OSt
005 - DATE AND TIME OF LATEST TRANSACTION
control field 20220706052147.0
008 - FIXED-LENGTH DATA ELEMENTS--GENERAL INFORMATION
fixed length control field 070215s2008 miua b 001 0 eng
010 ## - LIBRARY OF CONGRESS CONTROL NUMBER
LC control number 2007006702
020 ## - INTERNATIONAL STANDARD BOOK NUMBER
International Standard Book Number 9780310274407
020 ## - INTERNATIONAL STANDARD BOOK NUMBER
International Standard Book Number 0310274400
035 ## - SYSTEM CONTROL NUMBER
System control number (OCoLC)ocm84152963
035 ## - SYSTEM CONTROL NUMBER
System control number (OCoLC)84152963
040 ## - CATALOGING SOURCE
Transcribing agency MMU
050 00 - LIBRARY OF CONGRESS CALL NUMBER
Classification number BL41
Item number .V94 2008
082 00 - DEWEY DECIMAL CLASSIFICATION NUMBER
Classification number 200.72
Edition number 22
100 1# - MAIN ENTRY--PERSONAL NAME
Personal name Vyhmeister, Nancy J.
245 10 - TITLE STATEMENT
Title Quality research papers for students of religion and theology /
Statement of responsibility, etc. Nancy Jean Vyhmeister.
250 ## - EDITION STATEMENT
Edition statement 2nd ed.
260 ## - PUBLICATION, DISTRIBUTION, ETC. (IMPRINT)
Place of publication, distribution, etc. Grand Rapids, Mich. :
Name of publisher, distributor, etc. Zondervan,
Date of publication, distribution, etc. c2008.
300 ## - PHYSICAL DESCRIPTION
Extent xii, 264 p. :
Other physical details ill. ;
Dimensions 23 cm.
504 ## - BIBLIOGRAPHY, ETC. NOTE
Bibliography, etc Includes bibliographical references (p. 255-256) and index.
505 0# - FORMATTED CONTENTS NOTE
Formatted contents note What is research? -- Using the library -- Taming the internet -- Choosing a topic -- Planning research -- Preparing bibliographies -- Research thinking -- Research reading -- Footnotes: why, when, and how -- Reference notes and bibliographical entries compared -- Organizing the paper -- Writing the paper -- Formatting the paper -- Biblical exegesis as research -- Descriptive research -- Program development as research -- The case study as research -- Miscellaneous theological writing -- Statistics, tables, and graphs -- Theses and dissertations -- Doctor of Ministry projects.
650 #0 - SUBJECT ADDED ENTRY--TOPICAL TERM
Topical term or geographic name as entry element Religion
General subdivision Research.
650 #0 - SUBJECT ADDED ENTRY--TOPICAL TERM
Topical term or geographic name as entry element Theology
General subdivision Research.
856 41 - ELECTRONIC LOCATION AND ACCESS
Materials specified Table of contents only
Uniform Resource Identifier <a href="http://www.loc.gov/catdir/toc/ecip0711/2007006702.html">http://www.loc.gov/catdir/toc/ecip0711/2007006702.html</a>
856 42 - ELECTRONIC LOCATION AND ACCESS
Materials specified Publisher description
Uniform Resource Identifier <a href="http://www.loc.gov/catdir/enhancements/fy0713/2007006702-d.html">http://www.loc.gov/catdir/enhancements/fy0713/2007006702-d.html</a>
856 42 - ELECTRONIC LOCATION AND ACCESS
Materials specified Contributor biographical information
Uniform Resource Identifier <a href="http://www.loc.gov/catdir/enhancements/fy0806/2007006702-b.html">http://www.loc.gov/catdir/enhancements/fy0806/2007006702-b.html</a>
906 ## - LOCAL DATA ELEMENT F, LDF (RLIN)
a 7
b cbc
c orignew
d 1
e ecip
f 20
g y-gencatlg
942 ## - ADDED ENTRY ELEMENTS (KOHA)
Source of classification or shelving scheme Library of Congress Classification
Koha item type SL
Holdings
Withdrawn status Lost status Source of classification or shelving scheme Damaged status Not for loan Home library Current library Date acquired Source of acquisition Cost, normal purchase price Total Checkouts Full call number Barcode Date last seen Date last checked out Price effective from Koha item type
    Library of Congress Classification     Maasai Mara University Library -Main Campus Maasai Mara University Library -Main Campus 02/15/2016 Purchased 950.00 5 BL41 .V94 2007 201414236 11/08/2018 11/07/2018 02/15/2016 SL
© 2016 Maasai Mara University.